书目信息 |
| 题名: |
遗传学:从基因到基因组:袁原书第六版
|
|
| 作者: | L.H.哈特韦尔 编 ;于军 主译 | |
| 分册: | ||
| 出版信息: | 北京 科学出版社 2020.09 |
|
| 页数: | 692页 | |
| 开本: | 28cm | |
| 丛书名: | ||
| 单 册: | ||
| 中图分类: | Q3 | |
| 科图分类: | ||
| 主题词: | 遗传学 | |
| 电子资源: | ||
| ISBN: | 7-03-063868-9 | |
| 000 | 00706nam0 2200205 450 | |
| 001 | 2353583410 | |
| 005 | 20230216145703.50 | |
| 010 | @a7-03-063868-9@dCNY298.00 | |
| 100 | @a20230216d2020 km y0chiy0120 ea | |
| 101 | 0 | @achi |
| 102 | @aCN@b110000 | |
| 200 | 1 | @a遗传学:从基因到基因组:袁原书第六版@AYi Chuan Xue:Cong Ji Yin Dao Ji Yin Zu:Yuan Yuan Shu Di Liu Ban@f(美)L.H.哈特韦尔等编;于军主译@F(Mei)L.H.Ha Te Wei Er Deng Bian;Yu Jun Zhu Yi |
| 210 | @a北京@c科学出版社@d2020.09 | |
| 215 | @a692页@d28cm | |
| 606 | 0 | @a遗传学 |
| 690 | @aQ3@v4 | |
| 701 | 0 | @aL.H.哈特韦尔@AL.H.Ha Te Wei Er@4编 |
| 702 | 0 | @a于军@AYu Jun@4主译 |
| 801 | 0 | @aCN@b大连网信软件有限公司图书馆·11@c20230216 |
| 905 | @aZUCC@dQ3@e103 | |
| 遗传学:从基因到基因组:袁原书第六版/(美)L.H.哈特韦尔等编;于军主译.-北京:科学出版社,2020.09 |
| 692页;28cm |
| ISBN 7-03-063868-9:CNY298.00 |
| ● |
| 相关链接 |
|
|
|
|
正题名:遗传学:从基因到基因组:袁原书第六版
索取号:Q3/103
 
预约/预借
| 序号 | 登录号 | 条形码 | 馆藏地/架位号 | 状态 | 备注 |
| 1 | 1052702 | 210527027 | 第二样本阅览室/ [索取号:Q3/103] | 在馆 |